000 00459nam a2200145 i 4500
001 70506
003 ES-MaACL
007 t|
008 040727s1945 sp ||||1| spa d
100 1 _aGarcía Varón, A.
_955377
245 1 0 _aClínica de las perforaciones intestinales tíficas /
_cA. García Varón.
260 _aSantander :
_b[s.n.,
_c1945] (
_fAldus S.A. de Artes Gráficas)
300 _a111 p., 4 lám. ;
_c22 cm.
852 _aES-MaACL
_jE-423
_bR.21619
999 _c70506
_d70506